Most Streamed Artists On Spotify - Statistics

General Stats
  • This quiz has been taken 249 times
  • The average score is 8 of 16
Answer Stats
# Artist Streams % Correct
1 Taylor Swift 91.9B
92%
2 Drake 80.0B
80%
4 The Weeknd 62.1B
73%
6 Ariana Grande 48.0B
60%
9 Kanye West 42.1B
56%
5 Ed Sheeran 49.9B
55%
7 Eminem 46.0B
54%
8 Justin Bieber 44.5B
53%
13 Rihanna 34.5B
49%
11 Billie Eilish 40.2B
46%
3 Bad Bunny 76.0B
45%
15 Travis Scott 34.3B
43%
10 Post Malone 42.1B
33%
14 Coldplay 34.5B
28%
12 BTS 40.1B
27%
16 J. Balvin 33.8B
14%
No matching quizzes found
Score Distribution
Percent of People with Each Score
Percentile by Number Answered
Your Score History
You have not taken this quiz